Vyhodnocení pětiletého provozu experimentální závlahy v JZD Mír Práče

Bibliographic Details
Main Author: Čepička, Jaromír (Author)
Format: Article
Language:Czech
PhysicalDescription:Obr. 3. Tb. 5.
Subjects:

MARC

LEADER 00000nab a2200000 a 4500
001 vtls000064706
003 SK-MaSNL
005 20260305034754.0
008 160202c1980 xo 0 cze
015 |a SNBRB19rr/mm-uuuuu 
035 |a CL0074806 
040 |a SNKBUCL  |b slo  |c SNKBUCL  |e AACR2 
041 0 |a cze 
044 |a xo  |c SK 
080 |a 631.6  |2 1981 
080 |a 631.5  |2 1981 
080 |a 634.1/.7  |2 1981 
080 |a 634.8  |2 1981 
100 1 |a Čepička, Jaromír  |4 aut  |9 5240 
245 1 0 |a Vyhodnocení pětiletého provozu experimentální závlahy v JZD Mír Práče  |c Jaromír Čepička 
300 |b Obr. 3. Tb. 5. 
650 0 7 |a závlahy  |2 snkbucl  |9 13225 
650 0 7 |a vinice  |2 snkbucl 
650 0 7 |a ovocné sady  |2 snkbucl  |9 69816 
651 7 |a 3713  |2 snkbucl  |9 453065 
655 7 |a články z novín a časopisov  |2 snkbucl  |9 267496 
773 0 |t Záhradníctvo  |g Roč. 5, č. 8 (1980), s. 345-349 
850 |a Slovenská národná knižnica v Martine  |a MTA001 
852 |a SNK  |b KIS3GCP 
958 |a RK 
958 |a CZ 
992 |a RBX 
999 |c 3330613  |d 3332543